Де знаходиться столиця на карті країни? - Statistics

General Stats
  • This quiz has been taken 24 times
  • The average score is 5 of 15
Answer Stats
Question Answer % Correct
.
75%
.
50%
.
50%
.
50%
.
50%
.
50%
.
25%
.
25%
.
25%
.
25%
.
25%
.
25%
.
25%
.
0%
.
0%
No matching quizzes found
Score Distribution
Percent of People with Each Score
Percentile by Number Answered
Your Score History
You have not taken this quiz